000
002570000a22000970004500
100
1
_a
Jaramillo Cárdenas, Luciano
245
1
0
_a
Jesús el perfecto ejecutivo
300
_a
Vol. 2, Núm 7 (1997), Páginas 18-19
773
0
_t
Impacto Presbiteriano
942
_c
ANA
999
_c
51050
_d
51050